|
|
|
|
| LEADER |
00000nam0a2200000 4500 |
| 001 |
58122 |
| 005 |
20231031054743.0 |
| 010 |
|
|
|a 5256007890
|
| 035 |
|
|
|a (RuTPU)RU\TPU\book\61352
|
| 090 |
|
|
|a 58122
|
| 100 |
|
|
|a 20031121d1991 m y0rusy50 ca
|
| 101 |
0 |
|
|a rus
|
| 102 |
|
|
|a RU
|
| 105 |
|
|
|a a j 001zy
|
| 200 |
1 |
|
|a Статистический анализ и синтез радиотехнических устройств и систем
|e учебное пособие
|f В. И. Тихонов, В. Н. Харисов
|
| 210 |
|
|
|a Москва
|c Радио и связь
|d 1991
|
| 215 |
|
|
|a 608 с.
|c ил.
|
| 225 |
1 |
|
|a Учебное пособие для высших учебных заведений
|
| 320 |
|
|
|a Библиогр.: с. 605.
|
| 610 |
1 |
|
|a радиотехника
|
| 610 |
1 |
|
|a радиотехнические устройства
|
| 610 |
1 |
|
|a радиотехнические системы
|
| 610 |
1 |
|
|a синтез
|
| 610 |
1 |
|
|a анализ
|
| 610 |
1 |
|
|a статистические методы
|
| 610 |
1 |
|
|a случайные величины
|
| 610 |
1 |
|
|a случайные процессы
|
| 610 |
1 |
|
|a марковские процессы
|
| 610 |
1 |
|
|a фильтрация
|
| 610 |
1 |
|
|a интерполяция
|
| 610 |
1 |
|
|a сообщения
|
| 610 |
1 |
|
|a учебные пособия
|
| 675 |
|
|
|a 621.396:519.23(075.8)
|v 3
|
| 700 |
|
1 |
|a Тихонов
|b В. И.
|g Василий Иванович
|
| 701 |
|
1 |
|a Харисов
|b В. Н.
|g Владимир Назарович
|
| 801 |
|
1 |
|a RU
|b 63413507
|c 20031121
|g PSBO
|
| 801 |
|
2 |
|a RU
|b 63413507
|c 20150615
|g PSBO
|
| 942 |
|
|
|c BK
|